[Event "Detroit (MOR/5/18)"]
[Site "?"]
[Date "1990.??.??"]
[Round "?"]
[White "Group, J."]
[Black "Jointer, William"]
[Result "0-1"]
[WhiteElo "1615"]
[BlackElo "1730"]
[PlyCount "64"]
[EventDate "1990.??.??"]

{5/(18)} 1. e4 g6 2. d4 Bg7 3. Nf3 d6 4. Nc3 Nf6 5. Bg5 O-O 6. Qd2 c6 7. Be2
Nbd7 8. Bh6 Re8 9. Bxg7 Kxg7 10. h4 h5 11. Ng5 b5 12. g4 Rh8 13. gxh5 Nxh5 14.
d5 b4 15. Qd4+ Ndf6 16. Qxb4 cxd5 17. Nxd5 Nxd5 18. exd5 Bf5 19. Qd4+ Nf6 20.
h5 Qa5+ 21. c3 Qxd5 22. Qxd5 Nxd5 23. O-O-O Nf4 24. Bf3 Rab8 25. h6+ Kf8 26.
Rd4 Nd3+ 27. Kd2 Rxb2+ 28. Ke3 Nc5 29. Bd5 e6 30. Bb3 Nxb3 31. Rxd6 Ke7 32.
Rhd1 Nc5 0-1

[Event "Detroit (MOR/4/1)"]
[Site "?"]
[Date "1990.??.??"]
[Round "?"]
[White "Group, J."]
[Black "Gregory, Kevin"]
[Result "1/2-1/2"]
[WhiteElo "1720"]
[BlackElo "1795"]
[PlyCount "52"]
[EventDate "1990.??.??"]

{4/(1)} 1. e4 c6 2. d4 d5 3. exd5 cxd5 4. Nf3 Bg4 5. h3 Bxf3 6. Qxf3 e6 7. Bd3
Nf6 8. Nd2 Qb6 9. c3 Nbd7 10. O-O Bd6 11. Qe2 O-O 12. Nf3 Qc7 13. Bg5 Rae8 14.
Qc2 h6 15. Be3 e5 16. dxe5 Nxe5 17. Nxe5 Bxe5 18. Rad1 Rd8 19. Be2 d4 20. Bd2
dxc3 21. Bxc3 Bxc3 22. bxc3 Rfe8 23. Bf3 b6 24. Qb3 Rxd1 25. Rxd1 Ne4 26. Re1
Nf6 1/2-1/2

[Event "Detroit (MOR/2/28)"]
[Site "?"]
[Date "1990.??.??"]
[Round "?"]
[White "Grossman, Jay"]
[Black "Watson, Terry"]
[Result "1/2-1/2"]
[WhiteElo "1605"]
[BlackElo "1645"]
[PlyCount "102"]
[EventDate "1990.??.??"]

{2/(28)} 1. e4 c5 2. Nf3 d6 3. d4 cxd4 4. Nxd4 Nf6 5. Nc3 a6 6. Bd3 e6 7. O-O
Be7 8. f4 Qc7 9. Be3 b5 10. Nb3 Bb7 11. Qd2 O-O 12. h3 Nbd7 13. a3 Rfd8 14. g4
Nc5 15. Nxc5 dxc5 16. e5 Nxg4 17. hxg4 c4 18. Bxh7+ Kxh7 19. Qh2+ Kg8 20. f5
Bc5 21. Qg3 Rd2 22. Rf2 Rxf2 23. Kxf2 Re8 24. Bxc5 Qxc5+ 25. Qe3 Qxe3+ 26. Kxe3
exf5 27. gxf5 Rxe5+ 28. Kf4 f6 29. Rd1 Kf7 30. Rd7+ Re7 31. Rxe7+ Kxe7 32. Ne2
Bc8 33. Ng3 Bb7 34. Nh5 Kf7 35. Ng3 g6 36. fxg6+ Kxg6 37. Ne2 Bd5 38. Nc3 Be6
39. Ne2 Kf7 40. Ng3 Ke7 41. Nh5 Bf7 42. Ng3 Bg6 43. c3 Bc2 44. Nf1 Kd6 45. Ne3
Bd3 46. Ng4 f5 47. Nh6 Kc5 48. Nxf5 a5 49. Ne3 b4 50. axb4+ axb4 51. cxb4+ Kxb4
1/2-1/2

[Event "Detroit (RVO/5)"]
[Site "?"]
[Date "1990.??.??"]
[Round "?"]
[White "Grossman, Jay"]
[Black "Shields, B."]
[Result "1-0"]
[WhiteElo "1760"]
[BlackElo "1605"]
[PlyCount "57"]
[EventDate "1990.??.??"]

1. e4 e6 2. d4 c5 3. Nf3 cxd4 4. Nxd4 Nc6 5. Nc3 e5 6. Nf5 d6 7. Nb5 Bxf5 8.
exf5 a6 9. Nc3 Nd4 10. Bd3 Ne7 11. Bg5 Qd7 12. f6 Nef5 13. Nd5 Qc6 14. c4 Rc8
15. O-O h6 16. fxg7 Nxg7 17. Be3 Ndf5 18. Qf3 Nxe3 19. fxe3 Rb8 20. Qxf7+ Kd8
21. Qf6+ Kd7 22. Bf5+ Ke8 23. Be6 Nxe6 24. Qxe6+ Kd8 25. Qf6+ Kd7 26. Qxh8 Re8
27. Nf6+ Ke7 28. Nxe8 Qxe8 29. Qf6+ 1-0

[Event "Detroit (MOR/6/27)"]
[Site "?"]
[Date "1990.??.??"]
[Round "?"]
[White "Grossman, Jay"]
[Black "Rostrom, Richard"]
[Result "1/2-1/2"]
[WhiteElo "1605"]
[BlackElo "1760"]
[PlyCount "89"]
[EventDate "1990.??.??"]

{6/(27)} 1. e4 c6 2. d4 d5 3. exd5 cxd5 4. Nf3 Nf6 5. g3 Nbd7 6. Bg2 e6 7. O-O
Be7 8. Bg5 O-O 9. Nbd2 h6 10. Bxf6 Bxf6 11. Nb3 b6 12. Re1 Ba6 13. c3 Rc8 14.
a4 Qc7 15. Nc1 Nb8 16. Nd3 Nc6 17. Nfe5 Bxe5 18. Nxe5 Nxe5 19. Rxe5 Bc4 20. f4
Qd7 21. Bh3 Rce8 22. Qe1 Bd3 23. Qe3 Be4 24. Rh5 Bg6 25. Re5 Be4 26. Rh5 Qe7
27. Re5 f5 28. Bg2 Qf6 29. Bxe4 fxe4 30. Rc1 Qg6 31. c4 Rf5 32. cxd5 exd5 33.
b4 Rexe5 34. dxe5 Rf7 35. b5 Rd7 36. Qd4 Qg4 37. Rc6 Qf3 38. e6 e3 39. Rc8+ Kh7
40. Qd3+ g6 41. exd7 Qf2+ 42. Kh1 Qf3+ 43. Kg1 Qf2+ 44. Kh1 Qf3+ 45. Kg1
1/2-1/2

[Event "Detroit (MOR/4/11)"]
[Site "?"]
[Date "1990.??.??"]
[Round "?"]
[White "Grossman, Jay"]
[Black "Rincon, Helio"]
[Result "0-1"]
[WhiteElo "1650"]
[BlackElo "1765"]
[PlyCount "136"]
[EventDate "1990.??.??"]

{4/(11)} 1. e4 e5 2. Nf3 Nc6 3. Bb5 a6 4. Ba4 Nf6 5. O-O Be7 6. Re1 b5 7. Bb3
O-O 8. c3 d6 9. h3 Na5 10. Bc2 c5 11. d4 Qc7 12. d5 h6 13. a4 Bd7 14. b4 cxb4
15. cxb4 Nc4 16. a5 Rac8 17. Ra2 Qb7 18. Nh2 Rc7 19. f4 Rfc8 20. f5 Qa7+ 21.
Kh1 Qb7 22. Rf1 Qa7 23. Qe2 Qb7 24. g4 Nxd5 25. exd5 Qxd5+ 26. Be4 Qxe4+ 27.
Qxe4 Bc6 28. Qxc6 Rxc6 29. Rc2 d5 30. Nf3 Bxb4 31. Bd2 Bxd2 32. Nbxd2 Nxd2 33.
Rxc6 Rxc6 34. Nxd2 Rc2 35. Rd1 f6 36. Nf3 Rc5 37. Kg2 Kf8 38. h4 Ke7 39. g5
hxg5 40. hxg5 b4 41. Rb1 Rb5 42. g6 Kd7 43. Nxe5+ fxe5 44. f6 gxf6 45. g7 Rb8
46. Rxb4 Rg8 47. Rb7+ Ke6 48. Rb6+ Kf5 49. Rxa6 Rxg7+ 50. Kf3 Rc7 51. Rb6 Rc3+
52. Ke2 Ra3 53. a6 d4 54. Rd6 d3+ 55. Rxd3 Rxa6 56. Rf3+ Ke4 57. Re3+ Kd4 58.
Rd3+ Kc4 59. Rf3 e4 60. Rf4 Kd4 61. Rf5 Rc6 62. Rf1 Ke5 63. Kd2 f5 64. Rf2 Ra6
65. Kc3 e3 66. Re2 Ke4 67. Kb4 Rd6 68. Kc3 Rc6+ 0-1

[Event "Detroit (MCO/1/5)"]
[Site "?"]
[Date "1990.??.??"]
[Round "?"]
[White "Grossman, Jay"]
[Black "Mazuchowski, Tom"]
[Result "0-1"]
[WhiteElo "1690"]
[BlackElo "2210"]
[PlyCount "68"]
[EventDate "1990.??.??"]

{1/(5)} 1. e4 c5 2. Nf3 Nc6 3. d4 cxd4 4. Nxd4 Nf6 5. Nc3 e5 6. Nf5 d5 7. exd5
Bxf5 8. dxc6 Qxd1+ 9. Nxd1 bxc6 10. Ne3 Be6 11. Bc4 Nd5 12. Nxd5 cxd5 13. Bb5+
Bd7 14. Bxd7+ Kxd7 15. O-O Bc5 16. Be3 Rhc8 17. Bxc5 Rxc5 18. Rfd1 Ke6 19. c3
a5 20. Kf1 Rb8 21. Rd2 a4 22. Re1 a3 23. bxa3 Rxc3 24. Re3 Rbc8 25. Ke2 d4 26.
Rf3 f5 27. Rb2 Rc2+ 28. Rxc2 Rxc2+ 29. Kd3 Rxa2 30. Kc4 e4 31. Rb3 d3 32. f3
Rc2+ 33. Rc3 Rxg2 34. Rc1 Rc2+ 0-1

[Event "Detroit (MCO/3/10)"]
[Site "?"]
[Date "1990.??.??"]
[Round "?"]
[White "Grossman, Jay"]
[Black "Golonka, Stan"]
[Result "0-1"]
[WhiteElo "1690"]
[BlackElo "1930"]
[PlyCount "127"]
[EventDate "1990.??.??"]

{3/(10)} 1. e4 c5 2. Nf3 Nc6 3. d4 cxd4 4. Nxd4 e5 5. Nb5 a6 6. Nd6+ Bxd6 7.
Qxd6 Qf6 8. Qa3 Qg6 9. Qd3 Nge7 10. g3 O-O 11. Bg2 d5 12. O-O d4 13. c3 Rd8 14.
Qe2 b5 15. f4 f6 16. fxe5 fxe5 17. Nd2 Be6 18. Qe1 Rac8 19. Nf3 dxc3 20. bxc3
Bc4 21. Nh4 Qe6 22. Rf2 Rc7 23. Be3 Rcd7 24. Bb6 Rb8 25. Bc5 Na5 26. Nf5 Ng6
27. Ne3 Nb7 28. Ba3 Rbd8 29. Nd5 Qc6 30. Bh3 Rf7 31. Rxf7 Kxf7 32. Qf2+ Kg8 33.
Bg2 Bxd5 34. exd5 Qxc3 35. Bb2 Qc5 36. Rc1 Qxf2+ 37. Kxf2 Nd6 38. Rc6 a5 39.
Ra6 Nc4 40. Ba1 Ne7 41. Bf1 Rxd5 42. Bxc4 bxc4 43. Ke3 Ng6 44. Ra8+ Kf7 45.
Ra7+ Kf6 46. Ke4 Rd2 47. Rxa5 Rxh2 48. Ra6+ Kg5 49. a4 Ra2 50. Bc3 Kg4 51. Kd5
Kxg3 52. Kxc4 e4 53. Kb3 Rf2 54. Be1 e3 55. Re6 Kf3 56. Rxe3+ Kxe3 57. Bxf2+
Kxf2 58. a5 Ne5 59. a6 Nc6 60. Kc4 h5 61. Kc5 Na7 62. Kb6 h4 63. Kxa7 h3 64.
Kb8 0-1

[Event "Detroit (RVO/1)"]
[Site "?"]
[Date "1990.??.??"]
[Round "?"]
[White "Grossman, Jay"]
[Black "Everett, Morgan"]
[Result "0-1"]
[WhiteElo "1760"]
[BlackElo "2140"]
[PlyCount "70"]
[EventDate "1990.??.??"]

1. e4 e5 2. Nf3 Nc6 3. Bb5 a6 4. Ba4 Nf6 5. O-O b5 6. Bb3 Be7 7. Re1 O-O 8. d4
d6 9. dxe5 Nxe5 10. Nxe5 dxe5 11. Nc3 c5 12. Bd5 Rb8 13. f3 Qc7 14. Be3 Rd8 15.
a3 Bb7 16. Qe2 Bxd5 17. exd5 Nxd5 18. Nxd5 Rxd5 19. Rad1 Rbd8 20. Rxd5 Rxd5 21.
c4 bxc4 22. Qxc4 Qb7 23. b3 a5 24. Rc1 Qd7 25. Kf2 h6 26. Ke2 Kh7 27. Qa6 e4
28. Qxa5 exf3+ 29. gxf3 Qh3 30. Qe1 Qxh2+ 31. Qf2 Qb8 32. Rg1 Qb5+ 33. Ke1 Qd3
34. Rf1 Bh4 35. Qxh4 Qxe3# 0-1

[Event "Detroit (MCO/5/22)"]
[Site "?"]
[Date "1990.??.??"]
[Round "?"]
[White "Grossman, Jay"]
[Black "Clanton, Waleed"]
[Result "1-0"]
[WhiteElo "1690"]
[BlackElo "1605"]
[PlyCount "67"]
[EventDate "1990.??.??"]

{5/(22)} 1. e4 e5 2. d4 Bb4+ 3. c3 Bd6 4. Nf3 exd4 5. cxd4 Bb4+ 6. Nc3 Bxc3+ 7.
bxc3 d6 8. Bc4 Qf6 9. O-O Bg4 10. Be2 Bxf3 11. Bxf3 Ne7 12. e5 dxe5 13. Bxb7
Nbc6 14. dxe5 Nxe5 15. Bxa8 O-O 16. Be4 Re8 17. Qc2 N7g6 18. Bxg6 fxg6 19. Ba3
Nc6 20. Rfe1 Re5 21. Re4 h6 22. Qd3 Rxe4 23. Qxe4 Ne5 24. Qd5+ Kh7 25. Re1 Ng4
26. Qd4 Qh4 27. h3 h5 28. hxg4 hxg4 29. Bf8 Qh6 30. Qxg7+ Qxg7 31. Bxg7 Kxg7
32. Re7+ Kf6 33. Rxc7 Kf5 34. Rxa7 1-0

[Event "Detroit (RVO/3)"]
[Site "?"]
[Date "1990.??.??"]
[Round "?"]
[White "Grossman, Jay"]
[Black "Burg, Dan"]
[Result "0-1"]
[WhiteElo "1760"]
[BlackElo "1845"]
[PlyCount "62"]
[EventDate "1990.??.??"]

1. e4 b6 2. d4 Bb7 3. Bd3 f5 4. f3 fxe4 5. Bxe4 d5 6. Bf5 Nf6 7. Bg5 Qd6 8. Qd2
e5 9. Ne2 Nbd7 10. O-O O-O-O 11. a4 h6 12. Bh4 Kb8 13. a5 b5 14. Bd3 a6 15. Bg3
Nh5 16. Bf2 e4 17. fxe4 dxe4 18. Bxb5 axb5 19. Nbc3 b4 20. Na4 Qg6 21. Be3 Ne5
22. Kh1 Ba6 23. Rg1 Qg4 24. Nf4 Nc4 25. h3 Qd7 26. Qf2 Nxe3 27. Qxe3 Nxf4 28.
Qxf4 Qxd4 29. Rad1 Qxd1 30. Rxd1 Rxd1+ 31. Kh2 Bd6 0-1

[Event "Detroit (MOR/1a/23)"]
[Site "?"]
[Date "1990.??.??"]
[Round "?"]
[White "Griffin, John"]
[Black "Watkins, K."]
[Result "1/2-1/2"]
[WhiteElo "1625"]
[BlackElo "1605"]
[PlyCount "170"]
[EventDate "1990.??.??"]

1. d4 Nf6 2. c4 d5 3. cxd5 Nxd5 4. e4 Nf6 5. Nc3 e6 6. g3 Bb4 7. Bg2 Nc6 8.
Nge2 O-O 9. O-O e5 10. d5 Ne7 11. a3 Bxc3 12. Nxc3 Bd7 13. b4 Qc8 14. Qc2 Bh3
15. f3 Bxg2 16. Qxg2 c6 17. Bb2 cxd5 18. exd5 Nexd5 19. Nxd5 Nxd5 20. Rfc1 Qe6
21. Qe2 Rfe8 22. Re1 Rac8 23. Rac1 Rxc1 24. Rxc1 h6 25. Rc4 f6 26. Bc1 a6 27.
Rc5 b6 28. Rc4 b5 29. Rc5 Rc8 30. Qc2 Rxc5 31. Qxc5 e4 32. fxe4 Qxe4 33. Qf2
Nc3 34. Kf1 Qd3+ 35. Kg2 g5 36. Qe3 Qxe3 37. Bxe3 Kg7 38. Bd4 Nb1 39. Bb2 Kg6
40. Kf3 Nd2+ 41. Ke2 Nc4 42. Bc1 h5 43. h3 h4 44. g4 f5 45. gxf5+ Kxf5 46. Kf3
Ne5+ 47. Kg2 g4 48. hxg4+ Kxg4 49. Be3 h3+ 50. Kh2 Nc4 51. Bc1 Ne5 52. Bh6 Nf3+
53. Kh1 h2 54. Bg7 Kf5 55. Kg2 Ke6 56. Bh6 Kd5 57. Bf8 Kc4 58. Bd6 Kb3 59. Kh1
Kxa3 60. Bc5 Ka4 61. Kg2 a5 62. bxa5 Kxa5 63. Bd6 Ka4 64. Kh1 Kb3 65. Kg2 Kc4
66. Ba3 Kd4 67. Bb4 Kc4 68. Bd6 Ng5 69. Kxh2 Ne6 70. Ba3 Kb3 71. Bd6 Kc4 72.
Ba3 Nd4 73. Kg2 Nc6 74. Kf2 Nb4 75. Ke2 Kb3 76. Bc1 Nc2 77. Bd2 Nd4+ 78. Kd3
Nf3 79. Bg5 Ne5+ 80. Ke4 Nc4 81. Bd8 Ka4 82. Be7 Nd2+ 83. Kd3 Nc4 84. Kc3 Nb6
85. Kb2 Nc4+ 1/2-1/2

[Event "Detroit (RVO/5)"]
[Site "?"]
[Date "1990.??.??"]
[Round "?"]
[White "Griffin, John"]
[Black "Ladomer, W."]
[Result "0-1"]
[WhiteElo "1605"]
[BlackElo "1650"]
[PlyCount "58"]
[EventDate "1990.??.??"]

1. d4 Nf6 2. c4 e5 3. dxe5 Ng4 4. Bf4 Nc6 5. Nf3 Bb4+ 6. Nc3 Bxc3+ 7. bxc3 Qe7
8. Qd5 f6 9. exf6 Nxf6 10. Qd3 d6 11. e3 O-O 12. Be2 Ne4 13. Nd2 Bf5 14. Qd5+
Kh8 15. Rc1 Nc5 16. O-O Be6 17. Qf3 g5 18. Qg3 gxf4 19. exf4 Rg8 20. Qe3 Qd7
21. Ne4 Nxe4 22. Qxe4 Rae8 23. Qc2 Bh3 24. Bf3 Bxg2 25. Bxg2 Qg7 26. f3 Nd8 27.
Kh1 Ne6 28. Rce1 Nxf4 29. Rxe8 Rxe8 {[Remainder illegible; 0-1, 31]} 0-1

[Event "Detroit (MOR/6/21)"]
[Site "?"]
[Date "1990.??.??"]
[Round "?"]
[White "Griffin, John"]
[Black "Kirkman-Bey, R."]
[Result "1/2-1/2"]
[WhiteElo "1625"]
[BlackElo "1605"]
[PlyCount "149"]
[EventDate "1990.??.??"]

{6/(21)} 1. d4 Nf6 2. c4 e6 3. g3 b6 4. Bg2 Nc6 5. Nc3 Bb4 6. Nf3 Bb7 7. O-O
Bxc3 8. bxc3 O-O 9. Re1 Ne4 10. Qc2 f5 11. Nd2 Qf6 12. Nxe4 fxe4 13. e3 d5 14.
cxd5 exd5 15. Rb1 Ba6 16. Bf1 Bxf1 17. Rxf1 Nd8 18. Qe2 Qf3 19. Qxf3 Rxf3 20.
Ba3 g5 21. Rfc1 c6 22. c4 h6 23. cxd5 cxd5 24. Rc7 Rf7 25. Rbc1 Rxc7 26. Rxc7
Ne6 27. Rd7 Rd8 28. Rxa7 Rc8 29. Bb4 Rc7 30. Ra8+ Kf7 31. Bd6 Rc6 32. Bb4 Rc7
33. h3 h5 34. Ra6 Rb7 35. Ra8 Kg6 36. Rc8 Rc7 37. Rxc7 Nxc7 38. Be7 g4 39. hxg4
hxg4 40. Kf1 b5 41. Ke2 Kf7 42. Bd8 Na6 43. Kd2 Nb4 44. a3 Nc6 45. Bb6 Ke6 46.
Kc3 Kd7 47. Kb3 Kc8 48. Bc5 Kb7 49. a4 bxa4+ 50. Ka3 Ka6 51. Kxa4 Na5 52. Be7
Nc4 53. Kb4 Kb6 54. Bd8+ Kc6 55. Kc3 Kb5 56. Be7 Ka4 57. Bc5 Na5 58. Kd2 Nb3+
59. Kc3 Nc1 60. Kd2 Nd3 61. Ke2 Nxc5 62. dxc5 Kb5 63. Kd2 Kxc5 64. Kc3 d4+ 65.
exd4+ Kd5 66. Kd2 Kxd4 67. Ke2 Kd5 68. Ke3 Ke5 69. Kd2 Kd4 70. Ke2 Kd5 71. Ke3
Ke5 72. Ke2 Kd4 73. Kd2 Kd5 74. Kc3 Kc5 75. Kd2 1/2-1/2

[Event "Detroit (MOR/3/18)"]
[Site "?"]
[Date "1990.??.??"]
[Round "?"]
[White "Griffin, John"]
[Black "Kezele, P."]
[Result "1-0"]
[WhiteElo "1625"]
[BlackElo "1605"]
[PlyCount "63"]
[EventDate "1990.??.??"]

{3/(18)} 1. d4 Nf6 2. c4 e6 3. Nf3 b6 4. g3 Bb7 5. Bg2 c5 6. O-O cxd4 7. Qxd4
Nc6 8. Qd1 Bc5 9. Nc3 O-O 10. a3 Qc7 11. b4 Bd6 12. Nb5 Qd8 13. Nxd6 Rb8 14.
Nxb7 Rxb7 15. Bb2 Rc7 16. Qc2 d5 17. Rac1 Qd7 18. cxd5 Nxd5 19. Qe4 f5 20. Qd3
Qe7 21. Rc2 Rd8 22. Qb3 f4 23. Rfc1 Rdc8 24. Ne5 Nxe5 25. Bxe5 Rxc2 26. Rxc2
Rf8 27. Bxd5 exd5 28. Qxd5+ Kh8 29. Bd6 Qd7 30. Qc6 Qxc6 31. Rxc6 Re8 32. Bxf4
1-0

[Event "Detroit (MOR/5/24)"]
[Site "?"]
[Date "1990.??.??"]
[Round "?"]
[White "Griffin, John"]
[Black "Grossman, Jay"]
[Result "1/2-1/2"]
[WhiteElo "1625"]
[BlackElo "1605"]
[PlyCount "79"]
[EventDate "1990.??.??"]

{5/(24)} 1. d4 Nf6 2. c4 d6 3. Nc3 g6 4. e4 Bg7 5. g3 Nc6 6. Bg2 O-O 7. Nf3 Re8
8. O-O e5 9. d5 Ne7 10. h3 Bd7 11. Re1 Qc8 12. Kh2 a6 13. b4 b6 14. Rb1 c6 15.
Qb3 cxd5 16. cxd5 Qb7 17. Be3 b5 18. Rbc1 Rec8 19. Rc2 Rc7 20. Rec1 Rac8 21.
Nd2 Kh8 22. f3 Neg8 23. Nd1 Ne8 24. Nf2 Rxc2 25. Rxc2 Nc7 26. h4 Na8 27. Nh3 h6
28. f4 f5 29. Nf2 Nb6 30. Bxb6 Qxb6 31. Nd3 Nf6 32. Rxc8+ Bxc8 33. fxe5 Ng4+
34. Kh1 Bxe5 35. Nxe5 dxe5 36. Qc2 Nf2+ 37. Kh2 Ng4+ 38. Kh1 Nf2+ 39. Kh2 Ng4+
40. Kh1 1/2-1/2

[Event "Detroit (RVO/1)"]
[Site "?"]
[Date "1990.??.??"]
[Round "?"]
[White "Griffin, John"]
[Black "Finegold, Ron"]
[Result "0-1"]
[WhiteElo "1650"]
[BlackElo "2150"]
[PlyCount "50"]
[EventDate "1990.??.??"]

1. d4 d5 2. c4 e5 3. dxe5 d4 4. Nf3 Nc6 5. Nbd2 Bg4 6. a3 a5 7. g3 Bc5 8. Bg2
Nge7 9. Nb3 Ba7 10. O-O O-O 11. Nfxd4 Nxd4 12. Nxd4 Qxd4 13. Bxb7 Rab8 14. Qxd4
Bxd4 15. e3 Bxe5 16. Be4 Be2 17. Re1 Bxc4 18. Rd1 Rfd8 19. Bf3 Rxd1+ 20. Bxd1
Bd3 21. f4 Bxb2 22. Bxb2 Rxb2 23. Bf3 f5 24. Rc1 Rb1 25. Rxb1 Bxb1 0-1

[Event "Lansing (MI Am/4/15)"]
[Site "?"]
[Date "1990.??.??"]
[Round "?"]
[White "Griffin, John"]
[Black "Chandler, P."]
[Result "1/2-1/2"]
[WhiteElo "1610"]
[BlackElo "1910"]
[PlyCount "104"]
[EventDate "1990.??.??"]

{4/(15)} 1. d4 f5 2. c4 Nf6 3. Nf3 e6 4. g3 Be7 5. Bg2 O-O 6. b3 c6 7. O-O Qe8
8. Nbd2 Bd8 9. Ba3 Be7 10. Bxe7 Qxe7 11. Rc1 d6 12. Re1 e5 13. dxe5 dxe5 14. e4
f4 15. Qc2 Na6 16. Re2 Nb4 17. Qb1 c5 18. a3 Nc6 19. Rd1 Bg4 20. h3 Bxf3 21.
Nxf3 fxg3 22. fxg3 Nh5 23. Kh2 Nd4 24. Nxd4 cxd4 25. b4 Rac8 26. c5 b6 27. cxb6
axb6 28. Rc2 Qg5 29. Qb3+ Kh8 30. Rf1 Qd8 31. Rxf8+ Qxf8 32. Qf7 Qxf7 33. Rxc8+
Qg8 34. Rxg8+ Kxg8 35. Bf1 Kf8 36. a4 Ke7 37. Kg2 Kd6 38. Bc4 Nf6 39. Kf3 h5
40. g4 hxg4+ 41. hxg4 g5 42. Bb5 Nd7 43. Ke2 Nf8 44. Kd2 Ne6 45. Be2 Nc7 46.
Kc2 Ne6 47. Kb3 Nf4 48. Bf1 Ne6 49. Kc4 Kc6 50. Kb3 Nc7 51. Bc4 Kd6 52. Be2 Ne6
1/2-1/2

[Event "Lansing (MI Am/2/36)"]
[Site "?"]
[Date "1990.??.??"]
[Round "?"]
[White "Griffin, John"]
[Black "Brayton, D."]
[Result "1-0"]
[WhiteElo "1610"]
[BlackElo "1605"]
[PlyCount "99"]
[EventDate "1990.??.??"]

{2/(36)} 1. d4 Nf6 2. c4 g6 3. g3 Bg7 4. Bg2 d6 5. Nf3 O-O 6. Nc3 Nbd7 7. O-O
c5 8. Re1 Qc7 9. b3 cxd4 10. Nxd4 a6 11. Bb2 Ne5 12. Nf3 Rd8 13. Nxe5 dxe5 14.
Qc2 Bf5 15. e4 Be6 16. Rad1 Rxd1 17. Rxd1 Rd8 18. h3 Rxd1+ 19. Qxd1 Qc8 20. Kh2
h6 21. Ne2 Nh7 22. Ba3 Bf8 23. Nc3 Qd7 24. Qxd7 Bxd7 25. f4 exf4 26. gxf4 f6
27. Bb2 Bc6 28. Nd5 Kf7 29. Kg3 Ke6 30. Nc3 Bg7 31. Ne2 Kf7 32. Nd4 f5 33. e5
Bxg2 34. Kxg2 e6 35. c5 Nf8 36. c6 bxc6 37. Nxc6 Nd7 38. Ba3 g5 39. Nd8+ Ke8
40. Nxe6 Bf8 41. Nxf8 Nxf8 42. Bxf8 Kxf8 43. Kg3 Kf7 44. b4 Ke6 45. a4 h5 46.
h4 g4 47. b5 axb5 48. axb5 Kd5 49. b6 Kc6 50. e6 1-0

[Event "Detroit (RVO/3)"]
[Site "?"]
[Date "1990.??.??"]
[Round "?"]
[White "Griffin, John"]
[Black "Brattin, Vincent"]
[Result "0-1"]
[WhiteElo "1650"]
[BlackElo "1930"]
[PlyCount "78"]
[EventDate "1990.??.??"]

1. d4 d5 2. c4 c6 3. Nf3 Nf6 4. Nc3 e6 5. g3 Bd6 6. cxd5 exd5 7. Bg2 O-O 8. O-O
Re8 9. e3 Bg4 10. Qc2 Bh5 11. a3 a5 12. b4 axb4 13. Ne2 bxa3 14. Qb3 Qe7 15.
Rd1 b5 16. Rd2 Nbd7 17. Rc2 Rec8 18. Ne1 Nb6 19. Rca2 Nc4 20. Nc3 Na5 21. Qc2
b4 22. Qd3 bxc3 23. Bxa3 Bxa3 24. Rxa3 Qd8 25. Qxc3 Nc4 26. Rxa8 Rxa8 27. Rb1
Ra3 28. Qb4 h6 29. Bf1 Ra2 30. Bxc4 dxc4 31. Qxc4 Re2 32. Qxc6 Ng4 33. Ra1 Qe7
34. Ra8+ Kh7 35. Re8 Rxe1+ 36. Kg2 Qf6 37. Qe4+ Bg6 38. Qf3 Rg1+ 39. Kxg1 Qxf3
0-1

[Event "Lansing (Mini-Swiss.2/2)"]
[Site "?"]
[Date "1990.??.??"]
[Round "?"]
[White "Gregory, Kevin"]
[Black "Wisckol, Richard"]
[Result "1-0"]
[WhiteElo "1775"]
[BlackElo "1690"]
[PlyCount "99"]
[EventDate "1990.??.??"]

{2/(2)} 1. e4 e6 2. d4 d5 3. Nc3 Bb4 4. e5 c5 5. a3 Bxc3+ 6. bxc3 Ne7 7. Qg4
Qc7 8. Bd2 Nbc6 9. Nf3 Bd7 10. Bd3 O-O-O 11. O-O f5 12. Qg3 h6 13. dxc5 g5 14.
Rfe1 Rdg8 15. Nd4 Ng6 16. Nb5 Qa5 17. Nd6+ Kb8 18. Rab1 Bc8 19. Rb5 Qxa3 20.
Reb1 Rh7 21. c4 dxc4 22. Nxc4 Qa4 23. Qe3 Rc7 24. Bc3 Nge7 25. Qd2 Nd5 26. Nd6
Nxc3 27. Qxc3 Qd4 28. Qb3 Qxe5 29. Nxc8 Kxc8 30. Rxb7 Kd7 31. Rxc7+ Qxc7 32.
Bxf5 Nd4 33. Qa4+ Nc6 34. Rd1+ Ke7 35. Be4 Rd8 36. Rxd8 Nxd8 37. Qd4 Nc6 38.
Qg7+ Kd8 39. Qf8+ Kd7 40. Qxh6 Qe5 41. Qh7+ Ne7 42. c6+ Kd6 43. h3 Nxc6 44.
Bxc6 Qa1+ 45. Kh2 Kxc6 46. Qe4+ Kd6 47. Qb4+ Ke5 48. c4 a5 49. Qf8 a4 50. Qh8+
1-0

[Event "Lansing (Mini-Swiss.3/3)"]
[Site "?"]
[Date "1990.??.??"]
[Round "?"]
[White "Gregory, Kevin"]
[Black "Vandenburg, V.E."]
[Result "1-0"]
[WhiteElo "1795"]
[BlackElo "1625"]
[PlyCount "49"]
[EventDate "1990.??.??"]

{3/(3)} 1. e4 e6 2. d4 Be7 3. c3 a6 4. Nf3 b5 5. Bf4 Bb7 6. Nbd2 Nf6 7. Bd3 c5
8. e5 Nd5 9. Bg3 Nc6 10. dxc5 Bxc5 11. Ne4 O-O 12. Nxc5 Bc8 13. h4 f5 14. exf6
Nxf6 15. Qe2 d6 16. Nxe6 Re8 17. Nxd8 Rxe2+ 18. Bxe2 Nxd8 19. Bxd6 Bb7 20. Be7
Nd5 21. Bxd8 Rxd8 22. O-O-O Re8 23. Rhe1 Nf4 24. Bf1 Bxf3 25. Rxe8+ 1-0

[Event "Detroit (MOR/1a/1)"]
[Site "?"]
[Date "1990.??.??"]
[Round "?"]
[White "Gregory, Kevin"]
[Black "Turner, Keita"]
[Result "1-0"]
[WhiteElo "1795"]
[BlackElo "1605"]
[PlyCount "79"]
[EventDate "1990.??.??"]

1. e4 c5 2. d4 cxd4 3. c3 Nc6 4. Nf3 d6 5. Bc4 Nf6 6. O-O Nxe4 7. Nxd4 d5 8.
Bb5 Qc7 9. Nd2 Nxd2 10. Bxd2 e5 11. Nf3 Bd6 12. h3 O-O 13. Ba4 h6 14. Be3 e4
15. Nd4 a6 16. Rc1 Ne5 17. Bc2 f5 18. Ne2 Be6 19. Nf4 Nf3+ 20. gxf3 Bxf4 21.
Qe2 Rf6 22. Kh1 Bh2 23. fxe4 fxe4 24. f3 Bg3 25. fxe4 Raf8 26. Rxf6 Rxf6 27.
Bd4 Rf8 28. e5 Qf7 29. Rg1 Qf4 30. Qd3 Qf3+ 31. Qxf3 Rxf3 32. Kg2 Bh2 33. Kxf3
Bxg1 34. Bxg1 Bxh3 35. Kf4 g5+ 36. Kg3 Be6 37. Bd1 Kf7 38. Bh5+ Ke7 39. Bc5+
Kd7 40. Bf8 1-0

[Event "Lansing (Mini-Swiss.3/3)"]
[Site "?"]
[Date "1990.??.??"]
[Round "?"]
[White "Gregory, Kevin"]
[Black "Stockham, James"]
[Result "1/2-1/2"]
[WhiteElo "1745"]
[BlackElo "1855"]
[PlyCount "116"]
[EventDate "1990.??.??"]

{3/(3)} 1. e4 e5 2. Nf3 Nc6 3. d4 exd4 4. Nxd4 Nf6 5. Nc3 Bb4 6. Nxc6 bxc6 7.
Bg5 h6 8. Bh4 g5 9. Bg3 Qe7 10. f3 d6 11. Be2 Nh5 12. Qd4 Bxc3+ 13. Qxc3 O-O
14. O-O-O Be6 15. f4 Nxf4 16. Bxf4 gxf4 17. g3 f3 18. Bxf3 Qg5+ 19. Kb1 Rab8
20. h4 Qe5 21. Qxe5 dxe5 22. g4 f6 23. Rd2 Rf7 24. b3 Kf8 25. Rg1 Ke7 26. Rdg2
a5 27. Be2 Rg7 28. g5 fxg5 29. hxg5 Rxg5 30. Rxg5 hxg5 31. Rxg5 Kf6 32. Rg3 a4
33. Rc3 axb3 34. cxb3 Rb6 35. Rc5 Bxb3 36. axb3 Rxb3+ 37. Kc2 Re3 38. Rxc6+ Kg5
39. Bd3 Rh3 40. Rxc7 Kf4 41. Rf7+ Ke3 42. Kc3 Rh8 43. Rc7 Rd8 44. Bc2 Rd6 45.
Rc5 Kf4 46. Rd5 Rc6+ 47. Kb3 Rc7 48. Bd3 Rc8 49. Kb4 Rc1 50. Rc5 Rd1 51. Rc3
Rd2 52. Kc4 Rh2 53. Kd5 Rh3 54. Ke6 Rh6+ 55. Kd5 Rh3 56. Rb3 Rh8 57. Be2 Rd8+
58. Ke6 Kxe4 1/2-1/2

[Event "Detroit (MOR/5/2)"]
[Site "?"]
[Date "1990.??.??"]
[Round "?"]
[White "Gregory, Kevin"]
[Black "Steverson, Bunnard"]
[Result "1/2-1/2"]
[WhiteElo "1795"]
[BlackElo "1735"]
[PlyCount "81"]
[EventDate "1990.??.??"]

{5/(2)} 1. e4 c5 2. d4 cxd4 3. c3 dxc3 4. Nxc3 Nc6 5. Nf3 d6 6. Bc4 e6 7. O-O
Be7 8. Qe2 a6 9. Rd1 Qc7 10. a3 Nf6 11. b4 b5 12. Bb3 O-O 13. Bb2 Bb7 14. Rac1
Rac8 15. h3 Qb8 16. Qe3 Nd7 17. Bc2 Nce5 18. Bb3 Nxf3+ 19. Qxf3 Ne5 20. Qg3 Nc4
21. Bxc4 d5 22. Qxb8 Rxb8 23. Ba2 dxe4 24. Ne2 Rfd8 25. Bb3 Rxd1+ 26. Rxd1 Rd8
27. Rxd8+ Bxd8 28. Kf1 Bc7 29. Bd4 h6 30. Nc3 g5 31. Bd1 f5 32. f3 e5 33. Bc5
exf3 34. gxf3 Kg7 35. Bb3 Bxf3 36. Be6 Kf6 37. Bc8 a5 38. Nxb5 Bd8 39. Nd6 axb4
40. axb4 g4 41. hxg4 1/2-1/2